Snow war / (Record no. 1223)

MARC details
000 -LEADER
fixed length control field 00939cam a22003013a 4500
005 - DATE AND TIME OF LATEST TRANSACTION
control field 20250617150756.0
020 ## - INTERNATIONAL STANDARD BOOK NUMBER
International Standard Book Number 078073002993
040 ## - CATALOGING SOURCE
Original cataloging agency JDP
Transcribing agency JDP
Modifying agency IHI
-- TQG
-- DLC
Language of cataloging eng
050 00 - LIBRARY OF CONGRESS CALL NUMBER
Classification number PZ7
082 ## - DEWEY DECIMAL CLASSIFICATION NUMBER
Classification number 813.54
100 1# - MAIN ENTRY--PERSONAL NAME
Personal name Martin, Ann M.,
Dates associated with a name 1955-
245 10 - TITLE STATEMENT
Title Snow war /
Statement of responsibility, etc. Ann M. Martin ; illustrations by Charles Tang.
260 ## - PUBLICATION, DISTRIBUTION, ETC.
Place of publication, distribution, etc. New York :
Name of publisher, distributor, etc. Scholastic,
Date of publication, distribution, etc. 1997.
300 ## - PHYSICAL DESCRIPTION
Extent 82 pages :
Other physical details Illustrations ;
Dimensions 20 cm
490 ## - SERIES STATEMENT
Series statement The kids in Ms. Colman's class
Volume/sequential designation Book 5
500 ## - GENERAL NOTE
General note "A little Apple paperback."
505 ## - FORMATTED CONTENTS NOTE
Formatted contents note N <br/>
520 ## - SUMMARY, ETC.
Summary, etc. Snowball fights on the playground turn mean, and Ian trys to stop them.
521 1# - TARGET AUDIENCE NOTE
Target audience note 590 <br/>
Source Lexile <br/>
521 1# - TARGET AUDIENCE NOTE
Target audience note N <br/>
Source Raz-Plus <br/>
650 #0 - SUBJECT ADDED ENTRY--TOPICAL TERM
Topical term or geographic name entry element Schools
Form subdivision Fiction.
650 #0 - SUBJECT ADDED ENTRY--TOPICAL TERM
Topical term or geographic name entry element Snow
Form subdivision Fiction.
655 #7 - INDEX TERM--GENRE/FORM
Genre/form data or focus term Children's stories.
Source of term lcsh
700 1# - ADDED ENTRY--PERSONAL NAME
Personal name Tang, Charles
Relator term Illustrator
906 ## - LOCAL DATA ELEMENT F, LDF (RLIN)
a 7
b cbc
c copycat
d 2
e ncip
f 19
g y-genrareb
942 ## - ADDED ENTRY ELEMENTS (KOHA)
Source of classification or shelving scheme Dewey Decimal Classification
Koha item type Books
Suppress in OPAC No
999 ## -
-- 1223
-- 1223
Holdings
Withdrawn status Lost status Source of classification or shelving scheme Damaged status Not for loan Collection Home library Current library Shelving location Date acquired Total Checkouts Full call number Barcode Date last seen Date last checked out Price effective from Koha item type
    Dewey Decimal Classification     Juvenile Fiction Footprints International School Library Network Toul Kork Campus Footprints International School Library Network Toul Tom Poung Campus TTP Primary Yellow Bookshelves 08/08/2023 2 MAR Fic PZ7 FIS00615 06/17/2025 04/02/2025 08/08/2023 Books